Szczegóły MARC21

Wiedza, innowacyjność, przedsiębiorczość a rozwój regionów /

003 -Nazwa inst., której nr kontr. jest w polu 001 [,]
    • @
    • Nazwa instytucji, której n kontrolny jest w polu 001
    • NUKAT
005 -DATA I CZAS OSTATNIEJ MODYFIKACJI [,]
    • @
    • pole kontrolne
    • 20241231094747.0
020 -Międzynarod. znormalizowany nr książki - ISBN [ , ]
    • a
    • Numer ISBN
    • 8371717628 Find
040 -Instytucja sporządzająca opis [ , ]
    • a
    • Instytucja, która sporządziła opis (NP)
    • Ł U/MG
    • c
    • Instytucja, która sporządziła rekord (NP)
    • Ł U/MG
    • d
    • Instytucja, która zmodyfikowała rekord (P)
    • Ł U/AG
    • d
    • Instytucja, która zmodyfikowała rekord (P)
    • LUBL U/AGs
942 -Rodzaj dokumentu [ , ]
    • c
    • Rodzaj dokumentu
    • Książka
245 -Strefa tytułu i oznaczenia odpowiedzialności [0,0]
    • a
    • Tytuł
    • Wiedza, innowacyjność, przedsiębiorczość a rozwój regionów / Find
    • c
    • Pozostałe elementy strefy tytułu i oznaczenia odpowiedzialności (NP)
    • pod red. Aleksandry Jewtuchowicz ; Uniwersytet Łódzki. Zakład Ekonomiki Regionalnej i Ochrony Środowiska.
260 -Strefa adresu wydawniczego [ , ]
    • a
    • Miejsce wydania (P)
    • Łódź :
    • b
    • Nazwa wydawcy (P)
    • Wydaw. UŁ,
    • c
    • Data wydania (P)
    • 2004.
300 -Strefa opisu fizycznego [ , ]
    • a
    • Określenie formy książki i/lub objętość (NP)
    • 504 s., [1] k. tabl. złoż. :
    • b
    • Oznaczenie ilustracji (NP)
    • rys., tab., wykr. ;
    • c
    • Format (NP)
    • 24 cm.
336 -Typ zawartości [ , ]
    • a
    • Termin opisujący typ zawartości
    • Tekst
    • b
    • Kod określający zawartość
    • txt
    • 2
    • Źródło (terminu i kodu)
    • rdacontent
337 -Typ mediów [ , ]
    • a
    • Tryb odtwarzania
    • Bez urządzenia pośredniczącego
    • b
    • Kod typu mediów
    • n
    • 2
    • Źródło (terminu i kodu)
    • rdamedia
338 -Typ/rodzaj nośnika [ , ]
    • a
    • Hasło opisujące typ nośnika
    • Wolumin
    • b
    • Kod typu nośnika
    • nc
    • 2
    • Źródło (terminu i kodu)
    • rdacarrier
500 -Uwaga ogólna [ , ]
    • a
    • Uwaga ogólna (NP)
    • Materiały z konferencji zorganizowanej przez Zakład Ekonomiki Regionalnej i Ochrony Środowiska w maju 2003 r.
504 -Uwaga dot. bibliogr. załącznikowej [ , ]
    • a
    • Uwaga dot. bibliografii załącznikowej
    • Bibliogr. przy rozdz.
080 -Uniwersalna Klasyfikacja Dziesiętna [ , ]
    • 2
    • Identyfikator wydania tablic
    • UDC-P058
    • 9
    • UKD
    • 2814
    • a
    • Symbol klasyfikacji
    • 316.422
    • b
    • Dopowiedzenie
    • Reforma. Transformacja. Innowacje. Modernizacja. Postęp. Postęp naukowo-techniczny.
    • 4
    • UKD2
    • 8124
    • x
    • Poddział wspólny
    • (082.1)
    • c
    • Dopowiedzenie poddz. wspólnego
    • (Zbiory prac różnych autorów. Księgi pamiątkowe).
080 -Uniwersalna Klasyfikacja Dziesiętna [ , ]
    • 2
    • Identyfikator wydania tablic
    • UDC-P058
    • 9
    • UKD
    • 2769
    • a
    • Symbol klasyfikacji
    • 316.325
    • b
    • Dopowiedzenie
    • Społeczeństwa ze względu na specyficzne kryteria. Społeczeństwo informacyjne. Społeczeństwo otwarte. Społeczeństwo obywatelskie.
    • 4
    • UKD2
    • 8124
    • x
    • Poddział wspólny
    • (082.1)
    • c
    • Dopowiedzenie poddz. wspólnego
    • (Zbiory prac różnych autorów. Księgi pamiątkowe).
080 -Uniwersalna Klasyfikacja Dziesiętna [ , ]
    • 2
    • Identyfikator wydania tablic
    • UDC-P058
    • 9
    • UKD
    • 2164
    • a
    • Symbol klasyfikacji
    • 005
    • b
    • Dopowiedzenie
    • Zarządzanie.
    • 4
    • UKD2
    • 8124
    • x
    • Poddział wspólny
    • (082.1)
    • c
    • Dopowiedzenie poddz. wspólnego
    • (Zbiory prac różnych autorów. Księgi pamiątkowe).
080 -Uniwersalna Klasyfikacja Dziesiętna [ , ]
    • 2
    • Identyfikator wydania tablic
    • UDC-P058
    • 9
    • UKD
    • 3063
    • a
    • Symbol klasyfikacji
    • 332.1
    • b
    • Dopowiedzenie
    • Gospodarka regionalna. Gospodarka terytorialna. Gospodarka terenowa. Ekonomika regionalna. Regionalny podział pracy.
    • 4
    • UKD2
    • 8124
    • x
    • Poddział wspólny
    • (082.1)
    • c
    • Dopowiedzenie poddz. wspólnego
    • (Zbiory prac różnych autorów. Księgi pamiątkowe).
080 -Uniwersalna Klasyfikacja Dziesiętna [ , ]
    • 2
    • Identyfikator wydania tablic
    • UDC-P058
    • 9
    • UKD
    • 5610
    • a
    • Symbol klasyfikacji
    • 658.114-022.51
    • b
    • Dopowiedzenie
    • Małe przedsiębiorstwo prywatne. Mały biznes.
    • 4
    • UKD2
    • 8124
    • x
    • Poddział wspólny
    • (082.1)
    • c
    • Dopowiedzenie poddz. wspólnego
    • (Zbiory prac różnych autorów. Księgi pamiątkowe).
080 -Uniwersalna Klasyfikacja Dziesiętna [ , ]
    • 2
    • Identyfikator wydania tablic
    • UDC-P058
    • 9
    • UKD
    • 5611
    • a
    • Symbol klasyfikacji
    • 658.114-022.55
    • b
    • Dopowiedzenie
    • Średnie przedsiębiorstwo prywatne.
    • 4
    • UKD2
    • 8124
    • x
    • Poddział wspólny
    • (082.1)
    • c
    • Dopowiedzenie poddz. wspólnego
    • (Zbiory prac różnych autorów. Księgi pamiątkowe).
650 -Hasło przedmiotowe [ ,7]
    • a
    • Hasło przedmiotowe
    • Globalizacja
    • v
    • Określnik formalny
    • konferencje.
    • 2
    • Źródło terminu
    • kaba
    • 9
    • KHW
    • 369594
650 -Hasło przedmiotowe [ ,7]
    • a
    • Hasło przedmiotowe
    • Gospodarka Oparta na Wiedzy
    • y
    • Określnik chronologiczny
    • 1990-
    • v
    • Określnik formalny
    • konferencje.
    • 2
    • Źródło terminu
    • kaba
    • 9
    • KHW
    • 376952
650 -Hasło przedmiotowe [ ,7]
    • a
    • Hasło przedmiotowe
    • Przedsiębiorczość (ekonomia)
    • v
    • Określnik formalny
    • konferencje.
    • 2
    • Źródło terminu
    • kaba
    • 9
    • KHW
    • 369186
650 -Hasło przedmiotowe [ ,7]
    • a
    • Hasło przedmiotowe
    • Regionalizacja ekonomiczna
    • v
    • Określnik formalny
    • konferencje.
    • 2
    • Źródło terminu
    • kaba
    • 9
    • KHW
    • 429722
980 -Symbol UKD [ , ]
    • a
    • UKD
    • 316.422:316.325:005:332.1:658.114-022.51-022.55](082.1)
700 -Hasło dodatkowe - nazwa osobowa [1, ]
    • a
    • Nazwa osobowa (NP)
    • Jewtuchowicz, Aleksandra Find
    • d
    • Daty biograficzne (NP)
    • ( -2016).
    • e
    • Określenie rodzaju współpracy
    • Red.
    • 9
    • KHW
    • 20237
710 -Hasło dodatkowe - nazwa ciała zbiorowego [2, ]
    • a
    • Nazwa ciała zbiorowego lub nazwa geograficzna jako pierwszy element (NP)
    • Uniwersytet Łódzki.
    • b
    • Nazwa jednostki podrzędnej (P)
    • Wydawnictwo.
    • 4
    • Kod relacji
    • pbl
    • 9
    • KHW
    • 52189
920 -ISBN [ , ]
    • a
    • ISBN
    • 83-7171-762-8 Find
Status udost. Numer inwentarzowy Lokalizacja Data inwentaryzacji
-2E.72917BE2010-12-09